000 01033nam a22003017a 4500
003 CHAP
005 20220329140351.0
008 971013s1966 r 00010 d
010 _a50985
011 _a51957
035 _a56107
040 _cCHAP
082 _a631.6
_bP6Y
100 0 0 _aPoirée, Maurice.
_990178
245 _aSaneamiento agrícola
_b: drenaje en tubos porosos o zanjas reglamentación de las corrientes de agua y distribuidores
260 _aMadrid :
_bEd. Técnicos Asociados,
_c1966
300 _a395 p.
_b: ilus.
590 _aBATCH-UPD
_b10
_c20130110
_lUCH01
_h0541
590 _aBATCH-UPD
_b10
_c20130410
_lUCH01
_h0222
590 _aBATCH-UPD
_b10
_c20130914
_lUCH01
_h1221
590 _aCONVERSION
_b10
_c20130109
_lUCH01
_h1328
650 1 4 _aDrenaje.
_934190
700 0 _aOllier, Charles.
_983156
901 _aBK
942 _cLIBRO
949 _a631.6 P6Y
_bBC
_cLIBRO
_d33724000163713
_eLIBRO
_fc.2
_h39317
_i56107
_si
_t249.00
949 _a631.6 P6Y
_bBC
_cLIBRO
_d33724000163721
_eLIBRO
_h39316
_i56107
_si
_t249.00
999 _c50985
_d50985